000 00896nam a2200265 a 4500
001 000001805
003 DO-SdBNP
005 20260415175501.0
008 090629s2003 sp 001 0 spa d
020 _a8445411608
040 _aDO-SdBNP
_bspa
_cBNPHU
082 4 _a343.4604
_bE77L
110 1 _aEspaña
_94524
240 1 0 _aLeyes, etc.
245 1 0 _aLeyes tributarias :
_bíndice de voces y cuadros-resúmenes (actualizado a 31 de enero de 2003).
260 _aMadrid :
_bCentro de Estudios Financieros,
_c2003.
300 _a489 p. :
_bil. ;
_c24 cm.
500 _aIncluye índice
590 _aInventariado, 2018/VM
650 0 _aImpuestos
_xLeyes y legislación
_zEspaña
_vÍndices
_99338
650 4 _aImpuestos
_xLegislación
_zEspaña
_vGráficos, esquemas, etc.
_988722
710 2 _aCentro de Estudios Financieros
_95867
910 _aJornada de catalogación
942 _2ddc
_cLBS1
999 _c1682
_d1682